Представление документа в формате RUSMARC

ПолеНазваниеЗначение
  Тип записи a
  Библиографический уровень m
001 Контрольный номер 57e92d426c0a41ec89d25cbddc6da435
005 Дата корректировки 20150609142221.3
010 Индекс ISBN __
a ISBN 978-5-9916-5503-3
d Цена 709.00
9 Тираж 1000
101 Язык документа 0_
a Язык текста rus
102 Страна публикации __
a Страна публикации RU
200 Заглавие и сведения об ответственности 1_
a Заглавие Разработка и технологии производства рекламного продукта
b Общее обозначение материала Текст
e Сведения, относящиеся к заглавию учебник и практикум для академического бакалавриата
210 Выходные данные 1_
a Место издания М.:
c Издательство Издательство Юрайт
d Дата издания 2015
215 Физическое описание __
a Объем 502 с.: [16] л. ил.
225 Серия 2_
a Серия Бакалавр. Академический курс.
320 Библиография __
a Библиография С. 3 - 5
610 Ключевые слова 0_
a Ключевые слова технологии производства
a Ключевые слова Рекламный продукт
686 Индексы других классификаций __
a Классификационный индекс 76.006.5я73
700 Автор _1
a Фамилия В.А. Поляков, А.А. Романов
801 Источник записи _0
a Страна RU
b Организация РУК
c Дата составления 20150528
g Правила каталогизации PSBO
801 Источник записи _1
a Страна RU
b Организация РУК
c Дата составления 20150528
g Правила каталогизации PSBO
852 Данные о местонахождении __
i Авторский знак П54
j Шифр хранения ББК 76.006.5я73
901 Тип документа __
t Тип документа m
937 Технологическая информация __
a Создатель записи (имя) ОрловаОВ
938 Служебная информация __
a Название организации Смоленский филиал
952 Тип литературы __
b Гриф литературы для ВШ гриф УМО
c Вид литературы учебник